000 01003cam a2200349 a 4500
001 767208
003 OSt
005 20180116183026.0
008 890724r19811980onc b 001 0 eng d
020 _a0553246984 (pbk.) :
_c$4.95
035 _a(OCoLC)507548442
035 _a(OCoLC)ocn507548442
035 _a(CStRLIN)NYCG89-B53833
035 _a(NNC)767208
040 _aCSf
_cCSf
_dNNC
082 _a813.54 TOF 1980
090 _aHN17.5
_b.T643 1981g
100 1 _aToffler, Alvin.
245 1 4 _aThe Third Wave
_cAlvin Toffler.
250 _aBantam ed.
260 _aToronto ;
_aNew York :
_bBantam Books,
_c1981, c1980.
300 _axv, 537 p. ;
_c18 cm.
440 _aThe Third Wave
500 _aIncludes index.
504 _aBibliography: p. 487-518.
534 _pNBSReprint. Originally published:
_cNew York : Morrow, 1980.
650 0 _aSocial history
_y1945-
650 0 _aSocial change.
650 0 _aCivilization, Modern
_y1950-
942 _2ddc
_cBK
999 _c350823
_d350823